Mixed Word: Battle of Antietam Quiz Stats

 Plays Quiz not verified by Sporcle

Score 0/20 Timer 07:00
0 Plays Today
Hint Answer % Correct
pa lihlA P Hill
93%
boertr e eleRobert E. Lee
89.8%
jsoehp okohreJoseph Hooker
80.4%
oergeg b acnlmlcelGeorge B McClellan
71.2%
bodielsot dya ni iacramne thysoirBloodiest Day in American History
70.2%
loboyd anleBloody Lane
67.2%
marabah cnlionlAbraham Lincoln
66.7%
naiovisn fo yamladrnInvasion of Maryland
60.5%
lswtloane ksjcoanStonewall Jackson
59.9%
maitntea reckeAntietam Creek
59.4%
Hint Answer % Correct
ntirugn tpnoiTurning Point
57.8%
tawmteh draybMatthew Brady
53.5%
necitaiaompn tpaicomaolrnEmancipation Proclamation
50.5%
ishir abdgireIrish Brigade
49.5%
ibdseunsr rbgideBurnside's Bridge
46.2%
fgrini of anmlcleclFiring of McClellan
40.9%
otush tmaniuonSouth Mountain
34.7%
bspuhragsrSharpsburg
28.8%
mlelirs icfrenlodMiller's Cornfield
25.8%
ngirtocieon romf operueRecognition from Europe
18.3%

You're not logged in!

Compare scores with friends on all Sporcle quizzes.
OR
Log In

Sporcle TV

Today on Sporcle TV


Watch our educational content, quiz creation guides, and fun videos on Sporcle TV.

Show Comments

Extras

Top Quizzes Today


Score Distribution

Your Account Isn't Verified!

In order to create a playlist on Sporcle, you need to verify the email address you used during registration. Go to your Sporcle Settings to finish the process.

Report this User

Report this user for behavior that violates our Community Guidelines.

Details: